[Event "Montreal Vendredi 04"]
[Site "Montreal"]
[Date "2019.04.19"]
[Round "3"]
[White "Cardona, Misael"]
[Black "Broday, Gabriel Renan"]
[Result "1/2-1/2"]
[WhiteElo "2217"]
[BlackElo "2093"]
[PlyCount "106"]
[EventDate "2019.04.05"]
[EventType "tourn"]
[EventRounds "3"]
[EventCountry "CAN"]
[SourceTitle "EXT 2022"]
[Source "ChessBase"]
[SourceDate "2021.10.06"]
[SourceVersion "1"]
[SourceVersionDate "2021.10.06"]
[SourceQuality "1"]

1. d4 d5 2. c4 c6 3. Nf3 Nf6 4. Nc3 e6 5. cxd5 cxd5 6. Bf4 a6 7. Rc1 Nc6 8. e3 Bd7 9. Bd3 Be7 10. h3 Rc8 11. 0-0 Nh5 12. Bh2 f5 13. g4 Nf6 14. Ne5 g6 15. Kh1 Ne4 16. gxf5 Nxc3 17. Rxc3 exf5 18. Qb3 Nxe5 19. Bxe5 Rxc3 20. bxc3 Bf6 21. Bxf6 Qxf6 22. Qxb7 f4 23. Qb8+ Ke7 24. Qxf4 Qxf4 25. exf4 Rc8 26. Rc1 a5 27. Kg2 Rb8 28. Rb1 Rc8 29. Rc1 Rb8 30. Rc2 Ba4 31. Re2+ Kd6 32. c4 dxc4 33. Bxc4 Rb4 34. Bg8 Rxd4 35. Bxh7 Bc6+ 36. Kg3 Be4 37. Re3 Bf5 38. Rb3 Kc5 39. Re3 Kd6 40. h4 Rd5 41. Rb3 Ke7 42. h5 gxh5 43. Bxf5 Rxf5 44. Kf3 Rc5 45. Rb7+ Kf6 46. Ra7 Rc3+ 47. Ke4 Rc4+ 48. Ke3 Rc3+ 49. Kd4 Ra3 50. Ke4 Ra4+ 51. Kf3 Ra3+ 52. Ke4 Ra4+ 53. Kf3 Ra3+ 1/2-1/2

[Event "Laval op"]
[Site "Laval"]
[Date "2017.06.25"]
[Round "5"]
[White "Chiku Ratte, Olivier Kenta"]
[Black "Broday, Gabriel Renan"]
[Result "1-0"]
[WhiteElo "2312"]
[BlackElo "2082"]
[PlyCount "107"]
[EventDate "2017.06.23"]
[EventType "swiss"]
[EventRounds "5"]
[EventCountry "CAN"]
[SourceTitle "CBM 179 Extra"]
[Source "ChessBase"]
[SourceDate "2017.08.23"]
[SourceVersion "1"]
[SourceVersionDate "2017.08.23"]
[SourceQuality "1"]

1. d4 d5 2. c4 c6 3. Nf3 Nf6 4. e3 e6 5. Bd3 dxc4 6. Bxc4 b5 7. Bd3 Bb7 8. 0-0 Nbd7 9. a4 a6 10. e4 Be7 11. e5 Nd5 12. Nc3 b4 13. Nxd5 cxd5 14. Qe2 a5 15. b3 Qb6 16. Be3 0-0 17. h4 Rfc8 18. Rac1 Nf8 19. Rxc8 Rxc8 20. Bd2 Bc6 21. Rc1 Rc7 22. Kh2 Be8 23. Rxc7 Qxc7 24. Bb5 Bxb5 25. Qxb5 Bd8 26. g3 Qd7 27. Qd3 Qc6 28. h5 h6 29. Ne1 Nd7 30. f4 Nb8 31. g4 Qa6 32. Qf3 Nc6 33. Be3 Bb6 34. Qf2 Qa7 35. Nf3 Qd7 36. Nh4 Qa7 37. Nf3 Qd7 38. Qc2 Ne7 39. Qd3 Qc6 40. Bd2 g6 41. hxg6 fxg6 42. Nh4 Kf7 43. f5 exf5 44. gxf5 gxf5 45. Nxf5 Nxf5 46. Qxf5+ Kg7 47. e6 Bc7+ 48. Kh3 Qe8 49. Qxd5 Qg6 50. Qd7+ Kf6 51. Qxc7 Qf5+ 52. Kg3 Qd3+ 53. Kh4 Kxe6 54. Qe5+ 1-0

[Event "Santa Catarina-ch sf1"]
[Site "Sao Bento do Sul"]
[Date "2016.03.04"]
[Round "2"]
[White "Broday, Gabriel Renan"]
[Black "Da Silva Junior, Marco Aurelio"]
[Result "1-0"]
[WhiteElo "2083"]
[BlackElo "1806"]
[PlyCount "51"]
[EventDate "2016.03.04"]
[EventType "swiss"]
[EventRounds "6"]
[EventCountry "BRA"]
[SourceTitle "EXT 2018"]
[Source "ChessBase"]
[SourceDate "2017.10.13"]
[SourceVersion "1"]
[SourceVersionDate "2017.10.13"]
[SourceQuality "1"]

1. e4 d6 2. d4 Nf6 3. Nc3 c6 4. f4 Qa5 5. Bd3 e5 6. dxe5 dxe5 7. Nf3 Nbd7 8. 0-0 Bc5+ 9. Kh1 Ng4 10. Qe2 b5 11. fxe5 Ndxe5 12. Nxe5 Nxe5 13. Qh5 Qc7 14. Bf4 Bd6 15. Nxb5 cxb5 16. Bxe5 Bxe5 17. Bxb5+ Kf8 18. Rxf7+ Qxf7 19. Qxe5 Bd7 20. Rf1 Qxf1+ 21. Bxf1 Re8 22. Qd6+ Re7 23. Bc4 Be8 24. e5 Bf7 25. e6 a5 26. exf7 1-0

[Event "Matinhos Caioba-ch"]
[Site "Matinhos"]
[Date "2015.08.30"]
[Round "5"]
[White "Broday, Gabriel Renan"]
[Black "Mandetta, Joao Danilo"]
[Result "0-1"]
[WhiteElo "2084"]
[BlackElo "2303"]
[PlyCount "68"]
[EventDate "2015.08.28"]
[EventType "swiss"]
[EventRounds "6"]
[EventCountry "BRA"]
[SourceTitle "EXT 2016"]
[Source "ChessBase"]
[SourceDate "2015.10.08"]
[SourceVersion "1"]
[SourceVersionDate "2015.10.08"]
[SourceQuality "1"]

1. e4 c5 2. Nf3 e6 3. c3 Nf6 4. e5 Nd5 5. Bc4 b6 6. d4 Bb7 7. 0-0 Be7 8. Re1 0-0 9. Nbd2 cxd4 10. cxd4 f5 11. Nf1 Na6 12. Bd2 Nac7 13. Ne3 g5 14. Bc3 g4 15. Nd2 Nxe3 16. fxe3 b5 17. Qb3 Rb8 18. Ba5 bxc4 19. Qxc4 Bc6 20. e4 Qc8 21. Bxc7 Qxc7 22. d5 Rxb2 23. Qd4 Rb4 24. Qc3 exd5 25. exf5 Rxf5 26. e6 Qb6+ 27. Kh1 dxe6 28. Rxe6 Rb1+ 29. Re1 Rxe1+ 30. Rxe1 Qf2 31. Rb1 Rf6 32. Qe5 d4 33. Rb8+ Bf8 34. Rxf8+ Kxf8 0-1

[Event "Matinhos Caioba-ch"]
[Site "Matinhos"]
[Date "2015.08.30"]
[Round "6"]
[White "Medeiros, Thauane Ferreira"]
[Black "Broday, Gabriel Renan"]
[Result "1/2-1/2"]
[WhiteElo "1893"]
[BlackElo "2084"]
[PlyCount "56"]
[EventDate "2015.08.28"]
[EventType "swiss"]
[EventRounds "6"]
[EventCountry "BRA"]
[SourceTitle "EXT 2016"]
[Source "ChessBase"]
[SourceDate "2015.10.08"]
[SourceVersion "1"]
[SourceVersionDate "2015.10.08"]
[SourceQuality "1"]

1. d4 d5 2. c4 c6 3. Nf3 Nf6 4. Nc3 e6 5. Bg5 h6 6. Bh4 Nbd7 7. e3 Be7 8. cxd5 cxd5 9. Bd3 a6 10. 0-0 b5 11. a4 b4 12. Nb1 a5 13. Qe2 0-0 14. Nbd2 Bb7 15. Nb3 Qb6 16. Ne5 Rfe8 17. Nxd7 Nxd7 18. Bxe7 Rxe7 19. Rfc1 e5 20. Bb5 Nf8 21. dxe5 Rxe5 22. Nd4 Ne6 23. Nf3 Rf5 24. Qc2 Rf6 25. Bd7 d4 26. Bxe6 Bxf3 27. Bf5 Bb7 28. exd4 Qxd4 1/2-1/2

[Event "Matinhos Caioba-ch"]
[Site "Matinhos"]
[Date "2015.08.28"]
[Round "2"]
[White "Broday, Gabriel Renan"]
[Black "Cubas, Jose Fernando"]
[Result "0-1"]
[WhiteElo "2084"]
[BlackElo "2413"]
[PlyCount "68"]
[EventDate "2015.08.28"]
[EventType "swiss"]
[EventRounds "6"]
[EventCountry "BRA"]
[SourceTitle "EXT 2016"]
[Source "ChessBase"]
[SourceDate "2015.10.08"]
[SourceVersion "1"]
[SourceVersionDate "2015.10.08"]
[SourceQuality "1"]

1. e4 c5 2. Nf3 Nc6 3. Bc4 e6 4. Qe2 a6 5. c3 b5 6. Bb3 Qc7 7. 0-0 Bb7 8. d4 Na5 9. Bc2 cxd4 10. Nxd4 Nf6 11. Bg5 Bd6 12. f4 h6 13. Bxf6 gxf6 14. g3 h5 15. Nd2 h4 16. Rf2 b4 17. N2b3 bxc3 18. bxc3 hxg3 19. hxg3 Qxc3 20. Rf3 Qc7 21. Bd3 Qb6 22. Kg2 Nxb3 23. Nxb3 Ke7 24. Rff1 Rh6 25. Rh1 Rg6 26. Kf3 Rag8 27. Rh3 f5 28. Re1 fxe4+ 29. Bxe4 f5 30. Bxb7 Qxb7+ 31. Kf2 Bxf4 32. Nc5 Bxg3+ 33. Rxg3 Qb6 34. Qe5 Rxg3 0-1

[Event "Curitiba Sul Regional-ch"]
[Site "Curitiba"]
[Date "2015.07.12"]
[Round "5"]
[White "Broday, Gabriel Renan"]
[Black "Matsuura, Frederico"]
[Result "0-1"]
[WhiteElo "2056"]
[BlackElo "2273"]
[PlyCount "98"]
[EventDate "2015.07.10"]
[EventType "swiss"]
[EventRounds "6"]
[EventCountry "BRA"]
[SourceTitle "EXT 2016"]
[Source "ChessBase"]
[SourceDate "2015.10.08"]
[SourceVersion "1"]
[SourceVersionDate "2015.10.08"]
[SourceQuality "1"]

1. e4 g6 2. d4 Bg7 3. Nc3 c6 4. Nf3 d5 5. exd5 cxd5 6. Be3 Nf6 7. Bd3 Nc6 8. a3 0-0 9. h3 a6 10. 0-0 b5 11. Re1 Bb7 12. Qd2 Na5 13. Bh6 Nc4 14. Bxc4 dxc4 15. Bxg7 Kxg7 16. Qe3 Re8 17. Rad1 Qd6 18. Nd2 Rad8 19. Nf1 Qc6 20. f3 Nd5 21. Nxd5 Rxd5 22. c3 Qd7 23. Rd2 Bc6 24. Rde2 a5 25. Qf2 e6 26. Re5 Rb8 27. Nd2 Rxe5 28. Rxe5 Bd5 29. Re2 Qc7 30. Ne4 b4 31. axb4 axb4 32. cxb4 Rxb4 33. Nc5 Qf4 34. Rc2 Rb8 35. Qd2 Qg3 36. Qf2 Qg5 37. Qd2 Qf5 38. Rc1 Ra8 39. Qe3 Ra2 40. Qd2 Qh5 41. Kh2 Qh4 42. Re1 Rxb2 43. Qxb2 Qxe1 44. Qb8 Qh4 45. Qd6 c3 46. Qe5+ Qf6 47. Qe3 c2 48. Qd2 Qf5 49. Nd3 Qxd3 0-1

[Event "Catarinense-ch 59th"]
[Site "Joinville"]
[Date "2013.09.21"]
[Round "5"]
[White "Hille, Waltercler"]
[Black "Broday, Gabriel Renan"]
[Result "1/2-1/2"]
[WhiteElo "1896"]
[BlackElo "2049"]
[PlyCount "81"]
[EventDate "2013.09.19"]
[EventType "swiss"]
[EventRounds "7"]
[EventCountry "BRA"]
[SourceTitle "CBM 156 Extra"]
[Source "ChessBase"]
[SourceDate "2013.10.22"]
[SourceVersion "1"]
[SourceVersionDate "2013.10.22"]
[SourceQuality "1"]

1. d4 d5 2. Nf3 Nf6 3. c4 c6 4. Nc3 e6 5. Bg5 Nbd7 6. e3 Be7 7. Bd3 dxc4 8. Bxc4 b5 9. Bd3 Bb7 10. Rc1 a6 11. 0-0 c5 12. Bxf6 gxf6 13. Be4 Qb6 14. a4 b4 15. a5 Qc7 16. Bxb7 Qxb7 17. Na4 Rd8 18. dxc5 Bxc5 19. Rxc5 Nxc5 20. Nxc5 Qb5 21. Qc2 Rc8 22. Rc1 0-0 23. Nd4 Qxa5 24. Ndb3 Qb6 25. Ra1 Rfd8 26. h3 Rd5 27. Ra5 f5 28. Qc4 Qxa5 29. Nxa5 Rcxc5 30. Qxa6 Rxa5 31. Qc8+ Kg7 32. Qb8 Rab5 33. Qg3+ Kf8 34. Qh4 Kg7 35. Qg5+ Kf8 36. Qf6 Ra5 37. Qh8+ Ke7 38. Qxh7 Rd1+ 39. Kh2 Rd2 40. Qh4+ Ke8 41. Qxb4 1/2-1/2

[Event "Fraiburgo Alvino Memorial 3rd"]
[Site "Fraiburgo"]
[Date "2013.07.21"]
[Round "5"]
[White "Broday, Gabriel Renan"]
[Black "Rodio, Julia Brunetto"]
[Result "1-0"]
[WhiteElo "2058"]
[BlackElo "1643"]
[PlyCount "45"]
[EventDate "2013.07.19"]
[EventType "swiss"]
[EventRounds "6"]
[EventCountry "BRA"]
[SourceTitle "CBM 155 Extra"]
[Source "ChessBase"]
[SourceDate "2013.08.26"]
[SourceVersion "1"]
[SourceVersionDate "2013.08.26"]
[SourceQuality "1"]

1. e4 c5 2. Nf3 a6 3. c3 e6 4. d4 cxd4 5. cxd4 d5 6. e5 Nc6 7. a3 Qc7 8. b4 Nge7 9. Bb2 Ng6 10. Nbd2 Bd7 11. Rc1 Rc8 12. g4 Qb6 13. Nb3 Be7 14. Bd3 0-0 15. Nc5 Bxc5 16. dxc5 Qc7 17. Qe2 Nce7 18. 0-0 Rfd8 19. Nd2 Bc6 20. f4 Nf8 21. f5 exf5 22. gxf5 Bd7 23. e6 1-0

[Event "Fraiburgo Alvino Memorial 3rd"]
[Site "Fraiburgo"]
[Date "2013.07.20"]
[Round "4"]
[White "Volkmann, Andre Jordi"]
[Black "Broday, Gabriel Renan"]
[Result "0-1"]
[WhiteElo "1842"]
[BlackElo "2058"]
[PlyCount "48"]
[EventDate "2013.07.19"]
[EventType "swiss"]
[EventRounds "6"]
[EventCountry "BRA"]
[SourceTitle "CBM 155 Extra"]
[Source "ChessBase"]
[SourceDate "2013.08.26"]
[SourceVersion "1"]
[SourceVersionDate "2013.08.26"]
[SourceQuality "1"]

1. d4 d5 2. c4 c6 3. e3 Nf6 4. Nf3 e6 5. b3 Nbd7 6. Bd2 b6 7. Nc3 Bb7 8. Rc1 Be7 9. cxd5 exd5 10. Be2 0-0 11. 0-0 c5 12. dxc5 Nxc5 13. Nd4 Re8 14. Bb5 Rf8 15. Nf5 Qd7 16. Nxe7+ Qxe7 17. Na4 Nxa4 18. Bxa4 Rfc8 19. Bc3 Ne4 20. Bb4 Qe6 21. Qd4 a5 22. Bc3 Nxc3 23. Qxc3 Rxc3 24. Rxc3 Rc8 0-1

[Event "Maringa op 2nd"]
[Site "Maringa"]
[Date "2012.08.11"]
[Round "6"]
[White "Brito, Luismar Jorge"]
[Black "Broday, Gabriel Renan"]
[Result "0-1"]
[WhiteElo "2275"]
[BlackElo "2028"]
[PlyCount "82"]
[EventDate "2012.08.08"]
[EventType "swiss"]
[EventRounds "9"]
[EventCountry "BRA"]
[SourceTitle "CBM 149 Extra"]
[Source "ChessBase"]
[SourceDate "2012.08.24"]
[SourceVersion "1"]
[SourceVersionDate "2012.08.24"]
[SourceQuality "1"]

1. Nc3 c5 2. Nf3 e6 3. e4 a6 4. d4 cxd4 5. Nxd4 Qc7 6. Bd3 Nf6 7. 0-0 d6 8. Be3 Be7 9. f4 Bd7 10. Kh1 Nc6 11. Nf3 h5 12. Qe2 Na5 13. f5 e5 14. Ng5 Rc8 15. Rad1 Nc4 16. Bc1 b5 17. b3 Nb6 18. Bb2 Qc5 19. Rf3 b4 20. Nb1 a5 21. Nd2 Ng4 22. h4 f6 23. Ne6 Bxe6 24. fxe6 g6 25. Nc4 Nxc4 26. Bxc4 0-0 27. Rd5 Qc7 28. Bc1 f5 29. exf5 gxf5 30. g3 a4 31. Kg2 axb3 32. axb3 Qb7 33. Bg5 Kg7 34. Rb5 Qc7 35. Qd2 Rfd8 36. Qxb4 e4 37. Rc3 Qa7 38. Rb6 Rb8 39. Bxe7 Rxb6 40. Bf8+ Kxf8 41. Bb5 Rc6 0-1

[Event "Maringa op 2nd"]
[Site "Maringa"]
[Date "2012.08.10"]
[Round "4"]
[White "Rios Filho, Hilton Carlos da Si"]
[Black "Broday, Gabriel Renan"]
[Result "1-0"]
[WhiteElo "2212"]
[BlackElo "2028"]
[PlyCount "71"]
[EventDate "2012.08.08"]
[EventType "swiss"]
[EventRounds "9"]
[EventCountry "BRA"]
[SourceTitle "CBM 149 Extra"]
[Source "ChessBase"]
[SourceDate "2012.08.24"]
[SourceVersion "1"]
[SourceVersionDate "2012.08.24"]
[SourceQuality "1"]

1. d4 d5 2. Nf3 Nf6 3. c4 c6 4. Qb3 e6 5. Nc3 Nbd7 6. g3 Be7 7. Bg2 0-0 8. 0-0 b6 9. Rd1 Bb7 10. cxd5 cxd5 11. Bf4 a6 12. Rd2 Rc8 13. a4 Rc4 14. Ne1 Rc8 15. Rc1 h6 16. Rdc2 Ne5 17. Bxe5 Nd7 18. Bf4 g5 19. Bd2 f5 20. Na2 Rxc2 21. Rxc2 Bd6 22. Bf1 f4 23. Bh3 fxg3 24. hxg3 Qf6 25. Qe3 Re8 26. Bb4 Bb8 27. Nc1 Nf8 28. Ncd3 Ng6 29. Bc3 Qf7 30. Rc1 Rc8 31. Bf1 h5 32. f3 Rd8 33. Bd2 Bxg3 34. Bc3 Bb8 35. Ne5 Bxe5 36. dxe5 1-0

[Event "Parana-ch"]
[Site "Campo Mourao"]
[Date "2011.01.28"]
[Round "6"]
[White "Broday, Gabriel Renan"]
[Black "Tavares, Imyra Cecilia"]
[Result "1-0"]
[WhiteElo "1977"]
[BlackElo "1918"]
[PlyCount "81"]
[EventDate "2011.01.25"]
[EventType "swiss"]
[EventRounds "9"]
[EventCountry "BRA"]
[SourceTitle "CBM 140 Extra"]
[Source "ChessBase"]
[SourceDate "2011.03.01"]
[SourceVersion "1"]
[SourceVersionDate "2011.03.01"]
[SourceQuality "1"]

1. e4 e6 2. d4 d5 3. Nd2 h6 4. Bd3 Nf6 5. Ngf3 c5 6. dxc5 Bxc5 7. 0-0 0-0 8. Qe2 Nc6 9. c3 Qc7 10. Re1 Ne7 11. exd5 Nexd5 12. Ne4 Bb6 13. c4 Nxe4 14. Qxe4 Nf6 15. Qh4 Nh7 16. b4 Qd8 17. Qe4 Nf6 18. Qe2 Qe7 19. a3 a6 20. Bb2 Bd7 21. Rad1 Ba4 22. Rd2 Rfd8 23. Ne5 Rac8 24. Qf3 Bd4 25. Bxd4 Rxd4 26. Bh7+ Kxh7 27. Rxd4 Qc7 28. Qc3 b6 29. Qd2 Kg8 30. Rd6 Qa7 31. Rd4 Qb8 32. Ng4 Ne8 33. f3 Qc7 34. Rc1 Qe7 35. Nf2 Qc7 36. Ne4 Qe7 37. Nd6 Nxd6 38. Rxd6 Qb7 39. Qd4 Qe7 40. c5 bxc5 41. Rxc5 1-0

[Event "Parana-ch"]
[Site "Campo Mourao"]
[Date "2011.01.26"]
[Round "3"]
[White "Broday, Gabriel Renan"]
[Black "Dias, Anderson Tatsch"]
[Result "1/2-1/2"]
[WhiteElo "1977"]
[BlackElo "2207"]
[PlyCount "87"]
[EventDate "2011.01.25"]
[EventType "swiss"]
[EventRounds "9"]
[EventCountry "BRA"]
[SourceTitle "CBM 140 Extra"]
[Source "ChessBase"]
[SourceDate "2011.03.01"]
[SourceVersion "1"]
[SourceVersionDate "2011.03.01"]
[SourceQuality "1"]

1. e4 c5 2. Nf3 e6 3. d4 cxd4 4. Nxd4 a6 5. Bd3 Qc7 6. 0-0 Nf6 7. Qe2 d6 8. c4 Nbd7 9. Nf3 Be7 10. Nc3 0-0 11. Bf4 Ng4 12. Rac1 Nge5 13. Nxe5 dxe5 14. Be3 Bc5 15. Rfd1 b6 16. Bb1 Bb7 17. Na4 Bxe3 18. Qxe3 Nc5 19. Nxc5 bxc5 20. Rd2 Rfd8 21. Rcd1 Rd4 22. b3 Rad8 23. f3 h6 24. Kf2 R8d7 25. g3 Qd8 26. Rd3 a5 27. Bc2 Ba6 28. Ke2 a4 29. Ra1 Qa5 30. Rxd4 Rxd4 31. Rb1 axb3 32. axb3 Bc8 33. Bd3 Bd7 34. Qd2 Qc7 35. Ra1 Qd6 36. Qc3 f5 37. Ra8+ Kf7 38. Ra7 Kf6 39. Ra1 Kf7 40. Ra2 Kf6 41. Ra1 Kf7 42. Ra7 Kf8 43. Ra8+ Kf7 44. Ra7 1/2-1/2

[Event "Parana-ch"]
[Site "Campo Mourao"]
[Date "2011.01.25"]
[Round "2"]
[White "Chemin, Vitorio"]
[Black "Broday, Gabriel Renan"]
[Result "1/2-1/2"]
[WhiteElo "2181"]
[BlackElo "1977"]
[PlyCount "41"]
[EventDate "2011.01.25"]
[EventType "swiss"]
[EventRounds "9"]
[EventCountry "BRA"]
[SourceTitle "CBM 140 Extra"]
[Source "ChessBase"]
[SourceDate "2011.03.01"]
[SourceVersion "1"]
[SourceVersionDate "2011.03.01"]
[SourceQuality "1"]

1. d4 d5 2. Nf3 Nf6 3. c4 c6 4. cxd5 cxd5 5. Nc3 Nc6 6. Bf4 Bf5 7. e3 e6 8. Bb5 Nd7 9. 0-0 Rc8 10. a3 Be7 11. b4 a6 12. Bxc6 Rxc6 13. Qd2 Nb6 14. Ne5 Rc8 15. Rfc1 f6 16. Nd3 Nc4 17. Qe2 Bxd3 18. Qxd3 f5 19. Qe2 0-0 20. h3 b5 21. Nd1 1/2-1/2